=LDR 00000nam 2200000 4500 =001 INLIS000000000012778 =005 20130612104251 =008 ***********************************Ind** =035 ##$$0010-061300000012778 =041 ##$$a Ind =082 ##$$a 616.995 24 =090 ##$$a 616.995 24, Buk b =245 ##$$a Buku untuk belajar sendiri tentang pengobatan TMC Paru-paru =260 ##$$a 1978 $b Jakarta =300 ##$$a 24 hlm., Ilus, 28 cm =650 ##$$a Paru-paru =650 ##$$a Penyakit =850 ##$$a NBPNMAT